Effects of fertilizer types on tomato diseases and insect pests at royal university of agriculture,(ឥទ្ធិពលនៃប្រភេទជីទៅលើជំងឺ និងសត្វល្អិតចង្រៃនៃដំណាំប៉េងប៉ោះនៅសាកលវិទ្យាល័យភូមិន្ទកសិកម្ម) (Record no. 600)

000 -LEADER
fixed length control field 00715nam a22001577a 4500
003 - CONTROL NUMBER IDENTIFIER
control field OSt
005 - DATE AND TIME OF LATEST TRANSACTION
control field 20150916172814.0
008 - FIXED-LENGTH DATA ELEMENTS--GENERAL INFORMATION
fixed length control field 150916b xxu||||| |||| 00| 0 eng d
040 ## - CATALOGING SOURCE
Transcribing agency RUA
082 ## - DEWEY DECIMAL CLASSIFICATION NUMBER
Classification number AGR MAN 2004 B029 Or.1
100 ## - MAIN ENTRY--PERSONAL NAME
9 (RLIN) 625
Personal name MAN KONGKEA
245 ## - TITLE STATEMENT
Title Effects of fertilizer types on tomato diseases and insect pests at royal university of agriculture,(ឥទ្ធិពលនៃប្រភេទជីទៅលើជំងឺ និងសត្វល្អិតចង្រៃនៃដំណាំប៉េងប៉ោះនៅសាកលវិទ្យាល័យភូមិន្ទកសិកម្ម)
260 ## - PUBLICATION, DISTRIBUTION, ETC. (IMPRINT)
Place of publication, distribution, etc. phnom penh
Name of publisher, distributor, etc. RUA
Date of publication, distribution, etc. 2004
300 ## - PHYSICAL DESCRIPTION
Extent 56p.
Dimensions ill.
Size of unit 29cm.
942 ## - ADDED ENTRY ELEMENTS (KOHA)
Source of classification or shelving scheme
Koha item type AGR
Holdings
Price effective from Date last seen Permanent Location Not for loan Date acquired Source of classification or shelving scheme Koha item type Lost status Withdrawn status Total Renewals Date last checked out Total Checkouts Damaged status Barcode Current Location Full call number
2015-09-162015-09-16Library Block B 2015-09-16 AGR       Library Block BAGR MAN 2004 B029 Or.1
2015-09-162019-10-19Library Block B 2015-09-16 AGR  12019-10-073 RUA001256Library Block BAGR MAN 2004 B029 Or.2
មជ្ឈមណ្ឌលឯការនៃសាកលវិទ្យាល័យភូមិន្ទកសិកម្មចំការដូង

Powered by Koha